00468 2200181 4500001002100000005001500021008004100036020001800077035001900095041000700114082000800121090001400129100002600143245004900169260002900218300001900247650002000266INLIS00000000001584820241224115019241224||||||||| | ||| |||| || |  a979-3168-49-8 0010-1224015848 aid0 a510 a510 VIT a0 aVitriyani Pryadarsina00aAku Suka Belajar MATEMATIKA untuk SD kelas 1 aTanggerangbAlbamac2008 a134hlm;17x25cm 0aIlmu Matematika